Central Library OPAC University of Rajshahi

A summary catalogue of Western manuscripts in the Bodleian Library at Oxford which have not hitherto been catalogued in the quarto series : (Record no. 17068)

MARC details
000 -LEADER
fixed length control field 01043nam a2200241 a 4500
001 - CONTROL NUMBER
control field 17068
003 - CONTROL NUMBER IDENTIFIER
rucl marc code BD-RjUL
005 - DATE AND TIME OF LATEST TRANSACTION
control field 20211209000102.0
008 - FIXED-LENGTH DATA ELEMENTS--GENERAL INFORMATION
fixed length control field 140216s1905 enk 000 0 eng d
035 ## - SYSTEM CONTROL NUMBER
System control number oxf98315150
System control number (BD-RjUL)17125
040 ## - CATALOGING SOURCE
Original cataloging agency VYS
Transcribing agency VYS
Modifying agency m.c
-- OCL
-- EQO
-- BD-RjUL
Language of cataloging eng
041 ## - LANGUAGE CODE
Language code of text/sound track or separate title eng
082 ## - DEWEY DECIMAL CLASSIFICATION NUMBER
Edition number 21
Classification number 016.091
Author mark and year BOS 1905
110 2# - MAIN ENTRY--CORPORATE NAME
Corporate name or jurisdiction name as entry element Bodleian Library.
9 (RLIN) 52675
245 12 - TITLE STATEMENT
Title A summary catalogue of Western manuscripts in the Bodleian Library at Oxford which have not hitherto been catalogued in the quarto series :
Remainder of title with references to the Oriental and other manuscripts /
Statement of responsibility, etc. Bodleian Library, Oxford.; Falconer Madan
Number of part/section of a work VOL. V :
Name of part/section of a work (Collections received during the second half of the 19th century and miscellaneous MSS. acquired between 1695 and 1890) :
Number of part/section of a work Nos. 24331-31000
260 ## - PUBLICATION, DISTRIBUTION, ETC. (IMPRINT)
Place of publication, distribution, etc. Oxford :
Name of publisher, distributor, etc. Clarendon Press,
Date of publication, distribution, etc. 1905.
300 ## - PHYSICAL DESCRIPTION
Pagination xxxii, 933p. ;
Size 23cm.
650 #0 - SUBJECT ADDED ENTRY--TOPICAL TERM
Topical term or geographic name as entry element Manuscripts
Geographic subdivision Great Britain
Form subdivision Catalogs.
9 (RLIN) 2899
700 1# - ADDED ENTRY--PERSONAL NAME
Personal name Madan, Falconer,
Dates associated with a name 1851-1935.
942 ## - ADDED ENTRY ELEMENTS (KOHA)
Source of classification or shelving scheme Dewey Decimal Classification
Koha item type Books
Holdings
Lost status Source of classification or shelving scheme Damaged status Not for loan Collection code Permanent Location Current Location Shelving location Date acquired Source of acquisition Cost, normal purchase price Total Checkouts Full call number Date last seen Copy number Koha item type
  Dewey Decimal Classification   Not For Loan Non-fiction Central Library, University of Rajshahi Central Library, University of Rajshahi Reading Room 17/01/1955 O.U.P. 11.40   016.091 BOS V-5 1905 16/02/2014 C-1 Books